000 00434nam a2200169 a 4500
001 0000-8586
003 ELIB.Books
008 110520 1969
035 _a(ELIB.Books)0000-8732
082 _a222.12
_bHar
100 _aHarlow, R. E.
245 _aThe way Out and the way In
260 _bCanada: Everyday Publication Inc.
_c1969
650 _aOld Testament
942 _2ddc
_cBK
998 _cbat
_e2011-05-20
999 _c8586
_d8586